Perspectives on Management / A Multidisciplinary Analysis (Record no. 779)
[ view plain ]
| 000 -LEADER | |
|---|---|
| fixed length control field | 01872cam a22003014a 4500 |
| 005 - ΗΜΕΡΟΜΗΝΙΑ ΚΑΙ ΩΡΑ ΤΕΛΕΥΤΑΙΑΣ ΕΝΗΜΕΡΩΣΗΣ | |
| Πεδίο ελέγχου | 20250605163945.0 |
| 008 - FIXED-LENGTH DATA ELEMENTS--GENERAL INFORMATION | |
| Πεδίο ελέγχου σταθερού μήκους | 250528s ||||||||||||||||||||||||d |
| 035 ## - SYSTEM CONTROL NUMBER | |
| System control number | 15185 |
| 020 ## - ISBN | |
| ISBN | 019827257X |
| 040 ## - ΠΗΓΗ ΚΑΤΑΛΟΓΟΓΡΑΦΗΣΗΣ | |
| Φορέας πρωτότυπης καταλογογράφησης | MC Athens Campus Library |
| Γλώσσα καταλογογράφησης | Ελληνικά, Μοντέρνα (1453-) |
| Modifying agency | MC Athens Campus Library |
| Κανόνες περιγραφικής καταλογογράφησης | AACR2 |
| 245 1# - ΤΙΤΛΟΣ ΚΑΙ ΔΗΛΩΣΗ ΥΠΕΥΘΥΝΟΤΗΤΑΣ | |
| Τίτλος | Perspectives on Management / A Multidisciplinary Analysis |
| 260 ## - PUBLICATION, DISTRIBUTION, ETC. | |
| Name of publisher, distributor, etc. | Oxford University Press, |
| Date of publication, distribution, etc. | 1983 |
| 300 ## - PHYSICAL DESCRIPTION | |
| Extent | 252 |
| 505 0# - FORMATTED CONTENTS NOTE | |
| Formatted contents note | Editor's Introduction, British Management and Industrial Relations: The Social Origins of a System, Entrepreneurship and Economic History: The State of the Debate, Management and Economic Performance, Managerial Behaviour: How Research Has Changed the Traditional Picture, Accounting and Management, Perspectives on Corporate Governance: Intellectual Influences in the Exercises of Corporate Governance, Management in Government, The Meaning of Management and the Management of Meaning: A View from Social Antropology, Perspectives on Management. |
| 520 ## - SUMMARY, ETC. | |
| Summary, etc. | Editor's Introduction, British Management and Industrial Relations: The Social Origins of a System, Entrepreneurship and Economic History: The State of the Debate, Management and Economic Performance, Managerial Behaviour: How Research Has Changed the Traditional Picture, Accounting and Management, Perspectives on Corporate Governance: Intellectual Influences in the Exercises of Corporate Governance, Management in Government, The Meaning of Management and the Management of Meaning: A View from Social Antropology, Perspectives on Management. |
| 700 1# - ΠΡΟΣΘΕΤΗ ΑΝΑΓΡΑΦΗ--ΦΥΣΙΚΟ ΠΡΟΣΩΠΟ | |
| Personal name | Earl Michael J |
| 9 (RLIN) | 1053 |
| 700 1# - ΠΡΟΣΘΕΤΗ ΑΝΑΓΡΑΦΗ--ΦΥΣΙΚΟ ΠΡΟΣΩΠΟ | |
| Personal name | Fox Alan |
| 9 (RLIN) | 1054 |
| 700 1# - ΠΡΟΣΘΕΤΗ ΑΝΑΓΡΑΦΗ--ΦΥΣΙΚΟ ΠΡΟΣΩΠΟ | |
| Personal name | Gowler Dan |
| 9 (RLIN) | 1055 |
| 700 1# - ΠΡΟΣΘΕΤΗ ΑΝΑΓΡΑΦΗ--ΦΥΣΙΚΟ ΠΡΟΣΩΠΟ | |
| Personal name | Hay Donald |
| 9 (RLIN) | 1056 |
| 700 1# - ΠΡΟΣΘΕΤΗ ΑΝΑΓΡΑΦΗ--ΦΥΣΙΚΟ ΠΡΟΣΩΠΟ | |
| Personal name | Johnson Nevil |
| 9 (RLIN) | 1057 |
| 700 1# - ΠΡΟΣΘΕΤΗ ΑΝΑΓΡΑΦΗ--ΦΥΣΙΚΟ ΠΡΟΣΩΠΟ | |
| Personal name | Legge Karen |
| 9 (RLIN) | 1058 |
| 700 1# - ΠΡΟΣΘΕΤΗ ΑΝΑΓΡΑΦΗ--ΦΥΣΙΚΟ ΠΡΟΣΩΠΟ | |
| Personal name | Mathias Peter |
| 9 (RLIN) | 1059 |
| 700 1# - ΠΡΟΣΘΕΤΗ ΑΝΑΓΡΑΦΗ--ΦΥΣΙΚΟ ΠΡΟΣΩΠΟ | |
| Personal name | Stewart Rosemary |
| 9 (RLIN) | 1060 |
| 700 1# - ΠΡΟΣΘΕΤΗ ΑΝΑΓΡΑΦΗ--ΦΥΣΙΚΟ ΠΡΟΣΩΠΟ | |
| Personal name | Tricker Bob |
| 9 (RLIN) | 1061 |
| 942 ## - ADDED ENTRY ELEMENTS (KOHA) | |
| Koha item type | Books |
| Τύπος τεκμηρίου | Βιβλιοθήκη | Τρέχουσα τοποθεσία | Barcode | Αριθμός εισαγωγής | Ημερομηνία απόκτησης | Ταξιθετικό σύμβολο | Αριθμός αντιτύπου | Κατάσταση απόσυρσης | Κατάσταση χαμένου | Κατάσταση κατεστραμμένου | Μη δανεισμός | Σύνολο δανεισμών | Ημερομηνία τελευταίας εμφάνισης | Η τιμή ισχύει από |
|---|---|---|---|---|---|---|---|---|---|---|---|---|---|---|
| Books | MC Athens Campus Library | MC Athens Campus Library | 9780000007780 | 1420 | 05/06/2025 | 658 EAR | 1 | 05/06/2025 | 05/06/2025 |